El Camino de Santiago : las rutas de peregrinación medievales por Francia y España hasta Santiago de Compostela /
Como es sabido, las peregrinaciones a Santiago de Compostela iniciaron en el siglo IX, cuando según la leyenda un ermitaño vio un fuego o una estrella indicando que ahí se encontraba el sepulcro del apóstol Santiago. Como es evidente, según el punto de origen, las peregrinaciones siguieron diversas...
Gardado en:
| Autor Principal: | |
|---|---|
| Formato: | Libro |
| Idioma: | Lingua castelá |
| Publicado: |
Barcelona, España :
Blume,
2008, c2008
|
| Temas: | |
| Etiquetas: |
Sen Etiquetas, Sexa o primeiro en etiquetar este rexistro!
|
MARC
| LEADER | 00000nam^a2200000^a^4500 | ||
|---|---|---|---|
| 001 | 000297661 | ||
| 005 | 20250521000000.0 | ||
| 008 | 081030 20082008 | ||
| 009 | 20260310112345.988 | ||
| 020 | |a 978-84-8076-775-0 | ||
| 037 | |a Acervo ITESO - Biblioteca | ||
| 041 | |a ESP | ||
| 082 | |a 909. 051 |b BRA | ||
| 100 | |a Brabbs, Derry |e (autor) | ||
| 245 | 1 | 3 | |a El Camino de Santiago : |b las rutas de peregrinación medievales por Francia y España hasta Santiago de Compostela / |c D. Brabbs ; tr. por Rocío Ahuja Lacasa. |
| 264 | 4 | |a Barcelona, España : |b Blume, |c 2008, c2008 | |
| 300 | |a 253 p. | ||
| 336 | |a texto |b txt |2 rdacontenido | ||
| 337 | |a sin mediación |b n |2 rdamedio | ||
| 338 | |a volumen |b nc |2 rdasoporte | ||
| 500 | |a Traducción de: The Roads to Santiago | ||
| 520 | |a Como es sabido, las peregrinaciones a Santiago de Compostela iniciaron en el siglo IX, cuando según la leyenda un ermitaño vio un fuego o una estrella indicando que ahí se encontraba el sepulcro del apóstol Santiago. Como es evidente, según el punto de origen, las peregrinaciones siguieron diversas rutas a lo largo de los siglos, aunque la más famosa es el llamado Camino Francés, que va de Saint Jean Pied de Port a la ciudad compostelana. La obra presente reconstruye la tradición e informa también sobre la riqueza arquitectónica inherente al camino, que es en sí mismo un museo al aire libre de arte románico. El Camino de Santiago fue declarado patrimonio de la humanidad por la UNESCO en 1993. | ||
| 649 | |a XX | ||
| 650 | |a Camino de Santiago - |x Tema Principal | ||
| 650 | |a Camino de Santiago - |x Historia | ||
| 650 | |a Camino de Santiago - |x Descripción | ||
| 650 | |a Peregrinaciones - |z Europa | ||
| 650 | |a Cristianismo - |z Europa | ||
| 650 | |a Religión - |z Europa | ||
| 650 | |a Rutas Históricas - |z Europa | ||
| 650 | |a Patrimonio de la Humanidad - |z Europa | ||
| 650 | |a Arte Románico - |x Historia y Crítica - |x Tema Principal | ||
| 650 | |a Turismo Religioso - |z Europa | ||
| 650 | |a Religión y Literatura | ||
| 650 | |a Edad Media - |x Historia | ||
| 650 | |a Francia - |x Descripción | ||
| 650 | |a Santiago de Compostela, España - |x Descripción | ||
| 650 | |a España - |x Descripción | ||
| 650 | |a Europa - |x Descripción | ||
| 650 | |a Europa - |x Historia - |y 476-1492 | ||
| 650 | |a Santiago, Apóstol, Santo - |x Culto - |x Tema Principal | ||
| 650 | |a Harrison, Kathryn - |x Tema Principal | ||
| 910 | |a Fondo General | ||
| 920 | |a Impresos - Libros | ||
| 930 | |a Reserva Especial | ||
| 905 | |a 103 | ||
| 901 | |a 0500183083 |b IT1 |c REE |i C120238 |u 20250521 | ||
| 902 | |a https://opac.biblio.iteso.mx/vufind/Record/000297661 | ||